Vietnamese Theater

Đã lưu trong:
書目詳細資料
格式: 圖書
語言:Vietnamese
出版: Thế giới 1999
標簽: 添加標簽
沒有標簽, 成為第一個標記此記錄!
Thư viện lưu trữ: Mạng thư viện Đại học Đà Nẵng
LEADER 00587nam a2200241 4500
001 000022077
003 18525
005 20150424140402.0
008 150424s1999 viesd
020 |c 00 
041 0 |a vie 
082 1 4 |a 792  |b Vi-T 
245 1 0 |a Vietnamese Theater  |c Đình Quang, Lê Anh, Hà Văn Cầu 
260 |b Thế giới  |c 1999 
300 |a tr.  |c cm. 
OWN |a LSP 
999 |a From the UDN01 
TYP |a Monograph 
TYP |a Printed language 
980 |a Mạng thư viện Đại học Đà Nẵng